000 00712nam a2200289Ia 4500
005 20260324112013.0
008 008 260324s9999 xx 000 0 eng d
020 _a9781003598169
037 _aEBOOK
040 _aCRL
040 _beng
040 _cCRL
041 _2eng
041 _aeng
084 _qCRL
100 _aStanislav Shkel
_91140906
245 0 _aElections, the Ethnic Factor and Patronal Politics in the Russian Regions
245 0 _bAnatomy of Loyalty
260 _bTaylor and Francis
260 _c2025
365 _a
365 _b230
856 _uhttp://www.taylorfrancis.com/books/9781003598169
942 _cEBOOK
999 _c1729925
_d1729925